000 00815nam a2200205Ia 4500
001 13729
003 GE_BSU
008 181216s||||||||xx |||||||||||||| ||und||
040 _cGE_BSU
080 _a821.353.1-32
100 _aრაზიკაშვილი,თედო
245 _aმოთხრობები. ტ.2
245 _cგამოსაც.მოამზ.სოლომონ ყუბანეიშვილი. სარედ.კოლ.რევაზ ინანიშვილი,ნიკო კეცხოველი.დავით ლორთქიფანიძე და სხვ.
260 _aთბილისი
260 _bნაკადული
260 _c1972
300 _a241გვ.19სმ.
653 _aმოთხრობები
942 _cBK
999 _c46877
_d46877